| 000 | 01219nam a22002297a 4500 | ||
|---|---|---|---|
| 999 |
_c59322 _d59322 |
||
| 003 | Ge_BSU | ||
| 005 | 20230123095245.0 | ||
| 008 | 230120s2021 ge ||||| |||| 00| 0 geo d | ||
| 020 | _a9789941495397 | ||
| 041 | _ageo | ||
| 080 | _a338.487 დ-42 | ||
| 100 |
_aდიაკონიძე, მაია _96126 |
||
| 245 |
_aტურიზმის ინდუსტრია და საქართველოს შრომის ბაზრის განვითარების პერსპექტივები / _cმაია დიაკონიძე; რედ. თამილა არნანია-კეპულაძე. |
||
| 264 |
_aქუთაისი: _bაწსუ, _c2021. |
||
| 300 |
_a242 გვ.: _bილ.; _c22 სმ. |
||
| 501 | _aდანართი გვ. 237-241 | ||
| 504 | _aბიბლიოგრ. გვ.224-235 | ||
| 653 | _aტურიზმის ეკონომიკა. | ||
| 700 |
_aარნანია-კეპულაძე, თამილა _eრედაქტორი _916735 |
||
| 710 |
_aაკაკი წერეთლის სახელმწიფო უნივერსიტეტი _916736 |
||
| 942 |
_2udc _cBK |
||